Lịch triều hiến chương loại chí
Trình bày về lịch sử chế độ binh chế, văn tịch và mối quan hệ bang giao với các nước lắng giềng qua các triều đại của Việt Nam
Zapisane w:
| 1. autor: | |
|---|---|
| Format: | Książka |
| Język: | Undetermined |
| Wydane: |
Thành phố Hồ Chí Minh
Trẻ
2014
|
| Hasła przedmiotowe: | |
| Etykiety: |
Dodaj etykietę
Nie ma etykietki, Dołącz pierwszą etykiete!
|
| Thư viện lưu trữ: | Trung tâm Học liệu Trường Đại học Cần Thơ |
|---|
| LEADER | 00865nam a2200217Ia 4500 | ||
|---|---|---|---|
| 001 | CTU_196788 | ||
| 008 | 210402s9999 xx 000 0 und d | ||
| 020 | |c 120000 | ||
| 082 | |a 959.7 | ||
| 082 | |b Ch500/T.5 | ||
| 100 | |a Phan, Huy Chú | ||
| 245 | 0 | |a Lịch triều hiến chương loại chí | |
| 245 | 0 | |c Phan Huy Chú | |
| 260 | |a Thành phố Hồ Chí Minh | ||
| 260 | |b Trẻ | ||
| 260 | |c 2014 | ||
| 520 | |a Trình bày về lịch sử chế độ binh chế, văn tịch và mối quan hệ bang giao với các nước lắng giềng qua các triều đại của Việt Nam | ||
| 650 | |a Vietnam,Vietnam,Việt nam,Việt nam | ||
| 650 | |x history,Geographical history,Lịch sử,Địa lý lịch sử | ||
| 904 | |i Nguyên | ||
| 980 | |a Trung tâm Học liệu Trường Đại học Cần Thơ | ||